Introduction to geography / (Record no. 684)

000 -LEADER
fixed length control field 00820cam a22002778a 4500
001 - CONTROL NUMBER
control field 16173159
003 - CONTROL NUMBER IDENTIFIER
control field OSt
005 - DATE AND TIME OF LATEST TRANSACTION
control field 20140116120835.0
008 - FIXED-LENGTH DATA ELEMENTS--GENERAL INFORMATION
fixed length control field 100406s2011 nyu 001 0 eng
020 ## - INTERNATIONAL STANDARD BOOK NUMBER
International Standard Book Number 9780071221917
040 ## - CATALOGING SOURCE
Transcribing agency DLC
050 00 - LIBRARY OF CONGRESS CALL NUMBER
Classification number G128.G48 2011
245 00 - TITLE STATEMENT
Title Introduction to geography /
Statement of responsibility, etc Arthur Getis ... [et al.]
250 ## - EDITION STATEMENT
Edition statement 13th ed.
260 ## - PUBLICATION, DISTRIBUTION, ETC. (IMPRINT)
Place of publication, distribution, etc New York :
Name of publisher, distributor, etc McGraw-Hill,
Date of publication, distribution, etc 2011.
300 ## - PHYSICAL DESCRIPTION
Extent various pagings :
Other physical details col. ill., map .
500 ## - GENERAL NOTE
General note Includes index.
650 #0 - SUBJECT ADDED ENTRY--TOPICAL TERM
Topical term or geographic name as entry element Geography.
700 1# - ADDED ENTRY--PERSONAL NAME
Personal name Getis, Arthur,
Dates associated with a name 1934-
700 1# - ADDED ENTRY--PERSONAL NAME
Personal name Getis, Judith
700 1# - ADDED ENTRY--PERSONAL NAME
Personal name Bjelland, Mark D
700 1# - ADDED ENTRY--PERSONAL NAME
Personal name Fellmann, Jerome D.
906 ## - LOCAL DATA ELEMENT F, LDF (RLIN)
a 0
b vip
c orignew
d 1
e ecip
f 20
g y-gencatlg
942 ## - ADDED ENTRY ELEMENTS (KOHA)
Source of classification or shelving scheme
Koha item type Book
Holdings
Withdrawn status Lost status Source of classification or shelving scheme Damaged status Not for loan Home library Current library Date acquired Source of acquisition Total Checkouts Total Renewals Full call number Barcode Date last seen Date checked out Copy number Price effective from Koha item type
          Riara University Library Riara University Library 26/10/2011 Purchase 24 2 G128.G48 2011 1277/11 06/03/2019 05/03/2019 C.1 26/10/2011 Book
          Riara University Library Riara University Library 26/10/2011 Purchase 27 5 G128.G48 2011 1278/11 11/12/2018 19/10/2018 C.2 26/10/2011 Book
          Riara University Library Riara University Library 26/10/2011 Purchase 30 2 G128.G48 2011 1279/11 06/12/2019 03/12/2019 C.3 26/10/2011 Book

Riara University Library,
P.O. Box 49940-00100,
Nairobi, Kenya.